Personnages de Watch Dogs (1) - Statistiques

Statistiques générales
  • Ce quiz a été pris 84 fois
  • Le résultat moyen est 7 sur 12
Statistiques - réponses
Par images Réponse % Correct
Aiden Pearce
99%
Lena Pearce
61%
Clara Lille
60%
Jackson Pearce
58%
Iraq (Delford Wade)
54%
Jordi Chin
54%
Maurice Vega
52%
T-Bone (Raymond Kenney)
52%
Lucky (Dermot Quinn)
49%
Bedbug (Tyrone Hayes)
48%
Nicky Pearce
43%
Defalt (JB Markowicz)
40%
Aucun quiz correspondant
Distribution des résultats
% des personnes avec chaque résultat
Percentile par nombre de réponses
Votre historique - résultats
Vous n’avez pas pris ce quiz